Le destinazioni economico-sociali di beni, rapporti, attivit ̉

Bibliographic Details
Main Author: Constantino, Michele
Format: Unknown
Language:Italian
Published: [Roma] : Cacucci Editore, 2009
Subjects:
Online Access:Acceso restringido

MARC

LEADER 00000ny a22000003n 4500
005 20110524105513.0
008 101118s2010 it 000 ita d
022 |a 9788884228796  
035 |a 5071 
040 |a BUS  |d vLex 
090 |c 192  |d 192 
100 1 |a Constantino, Michele 
245 1 3 |a Le destinazioni economico-sociali di beni, rapporti, attivit ̉  |h [Recurso electrn̤ico]  |c Michele Constantino 
256 |a Servicio en ln̕ea 
260 |a [Roma] :  |b Cacucci Editore,  |c 2009 
506 1 |a Contenido solo disponible en los productos indicados  |d vLex Global  |d vLex Global (Academic Edition, excluding Law Schools)  |d vLex Global (U.S. Academic Edition, Law Schools)  |d vLex Global (U.S. Academic Edition, excluding Law Schools)  |d vLex Global (Academic Edition, Law Schools) 
650 0 4 |a Administracion publica  |x Financiacin̤ 
650 0 4 |a Empresas  |x Financiacin̤ 
740 0 |a vLex Libros (Servicios en ln̕ea) 
856 4 0 |u http://vlex.com/source/5071  |z Acceso restringido 
942 |c BOOK 
999 0 |a Public administration  |b Roma 
999 0 |a Business enterprises  |b Roma